Robustné riadenie hybridných systémov
Uložené v:
| Hlavný autor: | |
|---|---|
| Ďalší autori: | |
| Médium: | Rukopis Kniha |
| Jazyk: | Slovak |
| Vydavateľské údaje: |
Bratislava :
STU v Bratislave FEI,
2012
|
| Predmet: | |
| On-line prístup: | VAIS |
| Tagy: |
Žiadne tagy, Buďte prvý, kto otaguje tento záznam!
|
MARC
| LEADER | 00000ntm a22000003a 4500 | ||
|---|---|---|---|
| 001 | stu255150 | ||
| 005 | 20150617230228.3 | ||
| 008 | 121003s2012----xo------------------slo-d | ||
| 040 | |a STU |b slo | ||
| 041 | 0 | |a slo | |
| 044 | |a xo | ||
| 100 | 1 | |a Bukovina, Filip, |d 1988- |4 aut |u E |T FEI Fakulta elektrotechniky a informatiky |X 50746 |U E |Y 30 |7 A000050746 | |
| 242 | 0 | 0 | |a Robust control of hybrid systems |y eng |
| 245 | 1 | |a Robustné riadenie hybridných systémov | |
| 260 | |a Bratislava : |b STU v Bratislave FEI, |c 2012 | ||
| 300 | |a 51 s |c CD-ROOM | ||
| 650 | 7 | |a Cybernetics |2 estusub | |
| 650 | 7 | |a robust control |2 estusub | |
| 650 | 7 | |a hybrid system |2 estusub | |
| 650 | 7 | |a hybridný systém |2 stusub | |
| 650 | 7 | |a robustné riadenie |2 stusub | |
| 700 | 1 | |a Veselý, Vojtech, |d 1940- |4 ths |u E011 |U FEI Fakulta elektrotechniky a informatiky |T FEI Ústav robotiky a kybernetiky |X 4973 |U E011 |Y 356 |7 A000004973 | |
| 856 | 4 | |a info a plný text |u http://is.stuba.sk/zp/portal_zp.pl?podrobnosti=81506 |3 VAIS | |
| 996 | |b 284EP10404 |c E*DIPL-10404 |l EE23 |s P |a 0 |w stu255150_0001 | ||